The Year book of cancer (Record no. 4167)

000 -LEADER
fixed length control field 00565cas a2200193 a 4500
003 - CONTROL NUMBER IDENTIFIER
control field ALUPE UNIVERSITY COLLEGE
005 - DATE AND TIME OF LATEST TRANSACTION
control field 20220318092456.0
008 - FIXED-LENGTH DATA ELEMENTS--GENERAL INFORMATION
fixed length control field 500101d19561988ilu u p 0 u0eng d
020 ## - INTERNATIONAL STANDARD BOOK NUMBER
International Standard Book Number 0815117922
040 ## - CATALOGING SOURCE
Transcribing agency ALUPE UNIVERSITY COLLEGE
050 ## - LIBRARY OF CONGRESS CALL NUMBER
Classification number R261
Item number .Y43 1984
092 ## - LOCALLY ASSIGNED DEWEY CALL NUMBER (OCLC)
Classification number D0502047168
092 ## - LOCALLY ASSIGNED DEWEY CALL NUMBER (OCLC)
Classification number 11125758
245 04 - TITLE STATEMENT
Title The Year book of cancer
260 ## - PUBLICATION, DISTRIBUTION, ETC.
Place of publication, distribution, etc. Chicago :
Name of publisher, distributor, etc. Year Book Medical
Date of publication, distribution, etc. c1984.
580 ## - LINKING ENTRY COMPLEXITY NOTE
Linking entry complexity note Continues as: Year book of oncology
942 ## - ADDED ENTRY ELEMENTS (KOHA)
Source of classification or shelving scheme
Koha item type Book
Holdings
Withdrawn status Lost status Source of classification or shelving scheme Damaged status Not for loan Permanent Location Current Location Shelving location Date acquired Source of acquisition Total Checkouts Full call number Barcode Date last seen Price effective from Koha item type Public note
          AU LIBRARY AU LIBRARY Open Shelf 18.03.2022 DONATION FROM MOI UNIVERSITY   R261 .Y43 1984 28006099 18.03.2022 18.03.2022 Book WO

Powered by Koha